Politika zmeny klímy v Európskej únií bakalárska práca

Saved in:
Bibliographic Details
Main Author: Guňovský, Radoslav
Corporate Author: Národohospodárska fakulta EU. Katedra financií
Other Authors: Darmo, Martin
Format: Book
Language:Slovak
Published: Bratislava 2012
Tags: Add Tag
No Tags, Be the first to tag this record!

MARC

LEADER 00000nbm a2200000 4500
001 0155919
005 20161109111925.5
041 0 |a slo 
044 |a SK 
245 1 0 |a Politika zmeny klímy v Európskej únií  |b bakalárska práca  |c Radoslav Guňovský ; školiteľ: Martin Darmo 
264 1 |a Bratislava  |c 2012 
300 |a 46 s. 
100 1 |a Guňovský, Radoslav 
700 1 |a Darmo, Martin 
710 2 |a Národohospodárska fakulta EU. Katedra financií